[Event "DVM U20w 2023"]
[Site "Magdeburg GER"]
[Date "2023.12.30"]
[Round "7"]
[White "Buchholz, Maja Patricia"]
[Black "Klahold, Rona"]
[Result "1-0"]
[Termination "normal"]
[Board "4.1"]
[WhiteElo "1945"]
[BlackElo "1603"]
[WhiteClock "00:32:05"]
[BlackClock "00:05:32"]
[WhiteTeam "VSG 1880 Offenbach"]
[BlackTeam "SC Porta Westfalica 1950"]
[PlyCount "107"]
[WhiteFideId "16200500"]
[BlackFideId "16222970"]
[EventCountry "GER"]
[EventRounds "7"]
[EventType "team-swiss"]
[EventDate "2023.12.26"]

1. c4 {[%clk 01:30:58]} {[%emt 00:00:01]} e5 {[%clk 01:30:52]} {[%emt
00:00:09]} 2. g3 {[%clk 01:31:16]} {[%emt 00:00:12]} c6 {[%clk 01:31:14]}
{[%emt 00:00:08]} 3. Nf3 {[%clk 01:31:35]} {[%emt 00:00:10]} e4 {[%clk
01:31:32]} {[%emt 00:00:12]} 4. Nd4 {[%clk 01:31:56]} {[%emt 00:00:09]} d5
{[%clk 01:31:48]} {[%emt 00:00:14]} 5. cxd5 {[%clk 01:32:06]} {[%emt 00:00:21]}
Qxd5 {[%clk 01:32:08]} {[%emt 00:00:09]} 6. Nc2 {[%clk 01:32:12]} {[%emt
00:00:24]} Na6 {[%clk 01:30:27]} {[%emt 00:02:11]} 7. Nc3 {[%clk 01:31:23]}
{[%emt 00:01:19]} Qe5 {[%clk 01:30:32]} {[%emt 00:00:26]} 8. Bg2 {[%clk
01:29:53]} {[%emt 00:01:59]} f5 {[%clk 01:27:40]} {[%emt 00:03:22]} 9. O-O
{[%clk 01:23:00]} {[%emt 00:07:24]} Nf6 {[%clk 01:23:11]} {[%emt 00:04:59]} 10.
d3 {[%clk 01:19:33]} {[%emt 00:03:56]} Nd5 {[%clk 01:09:47]} {[%emt 00:13:54]}
11. dxe4 {[%clk 01:09:48]} {[%emt 00:10:15]} Nxc3 {[%clk 01:09:01]} {[%emt
00:01:17]} 12. bxc3 {[%clk 01:10:09]} {[%emt 00:00:08]} Qxc3 {[%clk 01:01:26]}
{[%emt 00:08:04]} 13. Bg5 {[%clk 01:08:08]} {[%emt 00:02:32]} Be7 {[%clk
00:59:15]} {[%emt 00:02:42]} 14. Bxe7 {[%clk 01:05:52]} {[%emt 00:02:46]} Kxe7
{[%clk 00:59:27]} {[%emt 00:00:17]} 15. Ne3 {[%clk 01:02:56]} {[%emt 00:03:26]}
fxe4 {[%clk 00:49:32]} {[%emt 00:10:26]} 16. Bxe4 {[%clk 01:01:54]} {[%emt
00:01:32]} Bh3 {[%clk 00:44:21]} {[%emt 00:05:41]} 17. Nf5+ {[%clk 01:00:48]}
{[%emt 00:01:35]} Bxf5 {[%clk 00:44:24]} {[%emt 00:00:26]} 18. Bxf5 {[%clk
01:01:12]} {[%emt 00:00:07]} Rad8 {[%clk 00:43:59]} {[%emt 00:00:55]} 19. Qb1
{[%clk 01:00:19]} {[%emt 00:01:23]} Nc5 {[%clk 00:40:37]} {[%emt 00:03:52]} 20.
Bxh7 {[%clk 00:50:14]} {[%emt 00:10:35]} Rd6 {[%clk 00:33:46]} {[%emt
00:07:22]} 21. h4 {[%clk 00:44:03]} {[%emt 00:06:40]} Qd4 {[%clk 00:26:27]}
{[%emt 00:07:49]} 22. e3 {[%clk 00:35:19]} {[%emt 00:09:14]} Qg4 {[%clk
00:25:25]} {[%emt 00:01:32]} 23. Qf5 {[%clk 00:31:07]} {[%emt 00:04:42]} Qxf5
{[%clk 00:24:29]} {[%emt 00:01:27]} 24. Bxf5 {[%clk 00:31:31]} {[%emt
00:00:05]} Rhd8 {[%clk 00:24:26]} {[%emt 00:00:34]} 25. Rfc1 {[%clk 00:29:52]}
{[%emt 00:02:09]} b6 {[%clk 00:23:22]} {[%emt 00:01:34]} 26. Rc2 {[%clk
00:27:37]} {[%emt 00:02:44]} Na6 {[%clk 00:19:12]} {[%emt 00:04:41]} 27. a3
{[%clk 00:23:06]} {[%emt 00:05:01]} b5 {[%clk 00:15:46]} {[%emt 00:03:56]} 28.
Rb1 {[%clk 00:19:04]} {[%emt 00:04:31]} Rb8 {[%clk 00:13:04]} {[%emt 00:03:12]}
29. h5 {[%clk 00:14:25]} {[%emt 00:05:09]} c5 {[%clk 00:12:05]} {[%emt
00:01:30]} 30. g4 {[%clk 00:14:03]} {[%emt 00:00:51]} b4 {[%clk 00:09:52]}
{[%emt 00:02:43]} 31. axb4 {[%clk 00:13:35]} {[%emt 00:00:58]} cxb4 {[%clk
00:09:32]} {[%emt 00:00:51]} 32. Rc8 {[%clk 00:12:16]} {[%emt 00:01:48]} Rdb6
{[%clk 00:09:20]} {[%emt 00:00:42]} 33. Rc4 {[%clk 00:09:50]} {[%emt 00:02:57]}
Rb5 {[%clk 00:04:39]} {[%emt 00:05:11]} 34. Re4+ {[%clk 00:08:14]} {[%emt
00:02:06]} Kf8 {[%clk 00:03:02]} {[%emt 00:02:07]} 35. Rf4 {[%clk 00:08:07]}
{[%emt 00:00:36]} Ke7 {[%clk 00:01:01]} {[%emt 00:02:32]} 36. Bd3 {[%clk
00:08:24]} {[%emt 00:00:13]} b3 {[%clk 00:00:53]} {[%emt 00:00:38]} 37. Bxb5
{[%clk 00:07:58]} {[%emt 00:00:55]} Rxb5 {[%clk 00:01:22]} 38. Ra4 {[%clk
00:07:37]} {[%emt 00:00:52]} Rb6 {[%clk 00:00:49]} {[%emt 00:01:03]} 39. Rxb3
{[%clk 00:06:09]} {[%emt 00:01:58]} Rxb3 {[%clk 00:01:12]} {[%emt 00:00:07]}
40. Rxa6 {[%clk 00:06:34]} {[%emt 00:00:05]} Rb7 {[%clk 00:01:04]} {[%emt
00:00:37]} 41. Kg2 {[%clk 00:06:41]} {[%emt 00:00:23]} Kf7 {[%clk 00:22:41]}
{[%emt 00:08:53]} 42. Kg3 {[%clk 00:35:25]} {[%emt 00:01:46]} Kg8 {[%clk
00:18:56]} {[%emt 00:04:16]} 43. e4 {[%clk 00:33:37]} {[%emt 00:02:17]} Rb4
{[%clk 00:17:49]} {[%emt 00:01:38]} 44. Kf4 {[%clk 00:33:28]} {[%emt 00:00:38]}
Rb2 {[%clk 00:17:50]} {[%emt 00:00:29]} 45. f3 {[%clk 00:33:53]} {[%emt
00:00:05]} Rb7 {[%clk 00:18:05]} {[%emt 00:00:16]} 46. e5 {[%clk 00:33:55]}
{[%emt 00:00:27]} Kf7 {[%clk 00:17:38]} {[%emt 00:00:57]} 47. Kf5 {[%clk
00:33:45]} {[%emt 00:00:41]} Rc7 {[%clk 00:16:10]} {[%emt 00:01:58]} 48. f4
{[%clk 00:33:54]} {[%emt 00:00:20]} Rb7 {[%clk 00:15:37]} {[%emt 00:01:03]} 49.
g5 {[%clk 00:33:09]} {[%emt 00:01:15]} Ke7 {[%clk 00:12:48]} {[%emt 00:03:19]}
50. Kg6 {[%clk 00:31:41]} {[%emt 00:01:59]} Kf8 {[%clk 00:12:26]} {[%emt
00:00:52]} 51. e6 {[%clk 00:31:11]} {[%emt 00:01:00]} Kg8 {[%clk 00:07:37]}
{[%emt 00:05:19]} 52. f5 {[%clk 00:31:26]} {[%emt 00:00:14]} Kh8 {[%clk
00:06:56]} {[%emt 00:01:12]} 53. Rd6 {[%clk 00:31:42]} {[%emt 00:00:14]} Rb8
{[%clk 00:05:32]} {[%emt 00:01:54]} 54. e7 {[%clk 00:32:05]} {[%emt 00:00:06]}
1-0

[Event "DVM U20w 2023"]
[Site "Magdeburg GER"]
[Date "2023.12.30"]
[Round "7"]
[White "Duchstein, Anna"]
[Black "Werner, Rosalie"]
[Result "1/2-1/2"]
[Termination "normal"]
[Board "4.2"]
[WhiteElo "1536"]
[BlackElo "1771"]
[WhiteClock "00:25:26"]
[BlackClock "00:33:23"]
[WhiteTeam "SC Porta Westfalica 1950"]
[BlackTeam "VSG 1880 Offenbach"]
[PlyCount "67"]
[WhiteFideId "16261372"]
[BlackFideId "16223748"]
[EventCountry "GER"]
[EventRounds "7"]
[EventType "team-swiss"]
[EventDate "2023.12.26"]

1. Nf3 {[%clk 01:30:31]} {[%emt 00:10:00]} Nf6 {[%clk 01:30:54]} 2. g3 {[%clk
01:30:50]} {[%emt 00:00:17]} g6 {[%clk 01:30:38]} 3. Bg2 {[%clk 01:31:10]}
{[%emt 00:00:56]} Bg7 {[%clk 01:30:59]} 4. d4 {[%clk 01:30:57]} {[%emt
00:00:52]} d6 {[%clk 01:30:34]} {[%emt 00:00:41]} 5. O-O O-O {[%emt 00:02:03]}
6. c4 {[%clk 01:30:37]} Nbd7 {[%clk 01:29:08]} {[%emt 00:04:04]} 7. Qc2 {[%clk
01:24:04]} e5 {[%emt 00:06:45]} 8. e3 Qe7 {[%clk 01:26:57]} {[%emt 00:01:51]}
9. Nc3 {[%clk 01:22:23]} {[%emt 00:02:11]} c6 {[%clk 01:23:46]} {[%emt
00:03:41]} 10. Rd1 {[%clk 01:18:59]} {[%emt 00:03:55]} Re8 {[%clk 01:14:25]}
{[%emt 00:09:50]} 11. d5 {[%clk 01:14:57]} {[%emt 00:04:33]} cxd5 {[%clk
01:10:53]} {[%emt 00:04:02]} 12. Nxd5 {[%clk 01:14:22]} {[%emt 00:01:05]} Nxd5
{[%clk 01:11:16]} {[%emt 00:00:08]} 13. cxd5 {[%clk 01:12:17]} {[%emt
00:02:35]} a5 {[%clk 01:10:51]} {[%emt 00:00:54]} 14. e4 {[%clk 01:10:30]}
{[%emt 00:02:17]} Nc5 {[%clk 01:07:36]} {[%emt 00:03:44]} 15. Be3 {[%clk
01:08:19]} {[%emt 00:02:42]} b6 {[%clk 01:05:47]} {[%emt 00:02:19]} 16. Rac1
{[%clk 01:05:31]} {[%emt 00:03:18]} Bf6 {[%clk 00:57:51]} {[%emt 00:08:26]} 17.
a3 {[%clk 01:02:40]} {[%emt 00:03:20]} a4 {[%clk 00:56:53]} {[%emt 00:01:28]}
18. Ne1 {[%clk 00:59:16]} {[%emt 00:03:55]} Bg5 {[%clk 00:55:27]} {[%emt
00:01:56]} 19. Qe2 {[%clk 00:56:35]} {[%emt 00:03:11]} Ba6 {[%clk 00:53:08]}
{[%emt 00:02:49]} 20. Qf3 {[%clk 00:52:39]} {[%emt 00:04:25]} Bxe3 {[%clk
00:48:27]} {[%emt 00:05:12]} 21. Qxe3 {[%clk 00:52:43]} {[%emt 00:00:26]} Rab8
{[%clk 00:46:56]} {[%emt 00:02:00]} 22. Nc2 {[%clk 00:49:43]} {[%emt 00:03:31]}
Nb3 {[%clk 00:43:02]} {[%emt 00:04:23]} 23. Rb1 {[%clk 00:49:58]} {[%emt
00:00:15]} Bb5 {[%clk 00:42:23]} {[%emt 00:01:10]} 24. Nb4 {[%clk 00:48:04]}
{[%emt 00:02:24]} Qd7 {[%clk 00:42:01]} {[%emt 00:00:51]} 25. Bf1 {[%clk
00:43:09]} {[%emt 00:05:25]} Rec8 {[%clk 00:38:09]} {[%emt 00:04:22]} 26. Bxb5
{[%clk 00:40:50]} {[%emt 00:02:51]} Qxb5 {[%clk 00:38:25]} {[%emt 00:00:13]}
27. Nc6 {[%emt 00:01:39]} Rb7 {[%clk 00:38:33]} {[%emt 00:00:19]} 28. Qg5
{[%clk 00:37:23]} {[%emt 00:02:48]} Re8 {[%clk 00:37:22]} {[%emt 00:01:42]} 29.
Qf6 {[%clk 00:35:18]} {[%emt 00:02:36]} Rd7 {[%clk 00:37:14]} {[%emt 00:00:37]}
30. h4 {[%clk 00:30:05]} {[%emt 00:05:45]} Qe2 {[%clk 00:36:10]} {[%emt
00:01:34]} 31. Re1 {[%clk 00:29:20]} {[%emt 00:01:13]} Qg4 {[%clk 00:35:26]}
{[%emt 00:01:15]} 32. Kg2 {[%clk 00:28:32]} {[%emt 00:01:19]} Nd2 {[%clk
00:35:01]} {[%emt 00:00:54]} 33. f3 {[%clk 00:26:23]} {[%emt 00:02:39]} Qh5
{[%clk 00:33:23]} {[%emt 00:02:08]} 34. Rbc1 {[%clk 00:25:26]} {[%emt
00:01:27]} 1/2-1/2

[Event "DVM U20w 2023"]
[Site "Magdeburg GER"]
[Date "2023.12.30"]
[Round "7"]
[White "Neininger, Sarah"]
[Black "Dieckmann, Luna"]
[Result "1-0"]
[Termination "normal"]
[Board "4.3"]
[WhiteElo "1611"]
[BlackElo "1174"]
[WhiteClock "00:34:34"]
[BlackClock "00:16:22"]
[WhiteTeam "VSG 1880 Offenbach"]
[BlackTeam "SC Porta Westfalica 1950"]
[PlyCount "67"]
[WhiteFideId "16287410"]
[BlackFideId "34607455"]
[EventCountry "GER"]
[EventRounds "7"]
[EventType "team-swiss"]
[EventDate "2023.12.26"]

1. e4 {[%clk 01:30:58]} {[%emt 00:00:02]} c5 {[%clk 01:30:51]} {[%emt
00:00:10]} 2. Nc3 {[%clk 01:31:21]} {[%emt 00:00:06]} g6 {[%clk 01:31:00]}
{[%emt 00:00:21]} 3. f4 {[%clk 01:28:59]} {[%emt 00:02:52]} Bg7 {[%clk
01:30:30]} {[%emt 00:01:00]} 4. Nf3 {[%clk 01:28:52]} {[%emt 00:00:37]} Nc6
{[%clk 01:30:12]} {[%emt 00:00:48]} 5. Bb5 {[%clk 01:28:38]} {[%emt 00:00:44]}
e6 {[%clk 01:27:02]} {[%emt 00:03:39]} 6. O-O {[%clk 01:25:44]} {[%emt
00:03:25]} Nge7 {[%clk 01:25:29]} {[%emt 00:02:03]} 7. d3 {[%clk 01:18:39]}
{[%emt 00:07:35]} O-O {[%clk 01:24:41]} {[%emt 00:01:18]} 8. Qe1 {[%clk
01:16:17]} {[%emt 00:02:52]} a6 {[%clk 01:21:12]} {[%emt 00:04:00]} 9. Bxc6
{[%clk 01:13:00]} {[%emt 00:03:47]} Nxc6 {[%clk 01:21:15]} {[%emt 00:00:27]}
10. f5 {[%clk 01:05:02]} {[%emt 00:08:27]} gxf5 {[%clk 01:15:59]} {[%emt
00:05:45]} 11. Qg3 {[%clk 00:58:50]} {[%emt 00:06:42]} Kh8 {[%clk 01:06:54]}
{[%emt 00:09:35]} 12. Qh3 {[%clk 00:47:46]} {[%emt 00:11:33]} f6 {[%clk
01:00:58]} {[%emt 00:06:26]} 13. exf5 {[%clk 00:45:33]} {[%emt 00:02:45]} exf5
{[%clk 00:59:20]} {[%emt 00:02:08]} 14. Nh4 {[%clk 00:44:10]} {[%emt 00:01:53]}
Ne7 {[%clk 00:56:29]} {[%emt 00:03:20]} 15. Bf4 {[%clk 00:40:05]} {[%emt
00:04:35]} Qb6 {[%clk 00:52:13]} {[%emt 00:04:46]} 16. Rae1 {[%clk 00:36:50]}
{[%emt 00:03:45]} Rf7 {[%clk 00:49:15]} {[%emt 00:03:26]} 17. Rxe7 {[%clk
00:35:20]} {[%emt 00:02:03]} Kg8 {[%clk 00:43:50]} {[%emt 00:05:54]} 18. Re8+
{[%clk 00:35:00]} {[%emt 00:00:50]} Rf8 {[%clk 00:42:45]} {[%emt 00:01:35]} 19.
Rxf8+ {[%clk 00:35:17]} {[%emt 00:00:15]} Kxf8 {[%clk 00:42:46]} {[%emt
00:00:28]} 20. Nxf5 {[%clk 00:34:18]} {[%emt 00:01:29]} d6 {[%clk 00:36:49]}
{[%emt 00:06:26]} 21. Bh6 {[%clk 00:32:56]} {[%emt 00:01:53]} Qc7 {[%clk
00:31:17]} {[%emt 00:06:03]} 22. Bxg7+ {[%clk 00:33:00]} {[%emt 00:00:25]} Qxg7
{[%clk 00:30:59]} {[%emt 00:00:48]} 23. Nxg7 {[%clk 00:32:58]} {[%emt
00:00:32]} Bxh3 {[%clk 00:31:18]} {[%emt 00:00:11]} 24. Nh5 {[%clk 00:33:14]}
{[%emt 00:00:13]} Be6 {[%clk 00:27:48]} {[%emt 00:04:00]} 25. Nxf6 {[%clk
00:33:19]} {[%emt 00:00:26]} Kg7 {[%clk 00:27:18]} {[%emt 00:00:59]} 26. Nfe4
{[%clk 00:33:34]} {[%emt 00:00:15]} Rd8 {[%clk 00:26:08]} {[%emt 00:01:41]} 27.
Re1 {[%clk 00:33:10]} {[%emt 00:00:54]} b6 {[%clk 00:24:28]} {[%emt 00:02:10]}
28. Ng5 {[%clk 00:33:20]} {[%emt 00:00:19]} Bf5 {[%clk 00:23:23]} {[%emt
00:01:35]} 29. Ne6+ {[%clk 00:33:16]} {[%emt 00:00:34]} Bxe6 {[%clk 00:23:25]}
{[%emt 00:00:28]} 30. Rxe6 {[%clk 00:33:40]} {[%emt 00:00:07]} Kf7 {[%clk
00:22:51]} {[%emt 00:01:04]} 31. Re4 {[%clk 00:33:43]} {[%emt 00:00:25]} d5
{[%clk 00:21:20]} {[%emt 00:02:02]} 32. Re5 {[%clk 00:34:05]} {[%emt 00:00:08]}
d4 {[%clk 00:19:09]} {[%emt 00:02:43]} 33. Ne4 {[%clk 00:34:15]} {[%emt
00:00:19]} Rd6 {[%clk 00:16:22]} {[%emt 00:03:17]} 34. Nxd6+ {[%clk 00:34:34]}
{[%emt 00:00:11]} 1-0

[Event "DVM U20w 2023"]
[Site "Magdeburg GER"]
[Date "2023.12.30"]
[Round "7"]
[White "Dieckmann, Phibie"]
[Black "Milman, Sophie"]
[Result "1-0"]
[Termination "normal"]
[Board "4.4"]
[WhiteElo "1083"]
[BlackElo "1184"]
[WhiteClock "00:06:35"]
[BlackClock "00:07:53"]
[WhiteTeam "SC Porta Westfalica 1950"]
[BlackTeam "VSG 1880 Offenbach"]
[PlyCount "67"]
[WhiteFideId "34607161"]
[BlackFideId "34608885"]
[EventCountry "GER"]
[EventRounds "7"]
[EventType "team-swiss"]
[EventDate "2023.12.26"]

1. d4 {[%clk 01:30:57]} {[%emt 00:00:02]} Nf6 {[%clk 01:30:51]} {[%emt
00:00:10]} 2. Nf3 {[%clk 01:31:06]} {[%emt 00:00:22]} g6 {[%clk 01:30:14]}
{[%emt 00:01:07]} 3. c4 {[%clk 01:30:11]} {[%emt 00:01:25]} d6 {[%clk
01:29:25]} {[%emt 00:01:18]} 4. Nc3 {[%clk 01:28:12]} {[%emt 00:02:29]} Bg7
{[%clk 01:28:07]} {[%emt 00:01:49]} 5. e4 {[%clk 01:27:40]} {[%emt 00:01:02]}
O-O {[%clk 01:26:46]} {[%emt 00:01:50]} 6. h3 {[%clk 01:24:37]} {[%emt
00:03:34]} c5 {[%clk 01:23:32]} {[%emt 00:03:44]} 7. d5 {[%clk 01:20:08]}
{[%emt 00:04:58]} e6 {[%clk 01:19:53]} {[%emt 00:04:10]} 8. Be2 {[%clk
01:16:52]} {[%emt 00:03:45]} exd5 {[%clk 01:18:36]} {[%emt 00:01:47]} 9. cxd5
{[%clk 01:16:09]} {[%emt 00:01:13]} Re8 {[%clk 01:14:06]} {[%emt 00:05:00]} 10.
Qc2 {[%clk 01:12:32]} {[%emt 00:04:07]} Qe7 {[%clk 01:08:31]} {[%emt 00:06:04]}
11. Nd2 {[%clk 01:05:05]} {[%emt 00:07:58]} Nbd7 {[%clk 00:59:56]} {[%emt
00:09:05]} 12. O-O {[%clk 01:03:08]} {[%emt 00:02:27]} Ne5 {[%clk 00:52:59]}
{[%emt 00:07:27]} 13. f4 {[%clk 00:58:31]} {[%emt 00:05:07]} Ned7 {[%clk
00:51:37]} {[%emt 00:01:52]} 14. Bd3 {[%clk 00:52:34]} {[%emt 00:06:27]} Qd8
{[%clk 00:45:48]} {[%emt 00:06:19]} 15. Nc4 {[%clk 00:51:07]} {[%emt 00:01:57]}
Nb6 {[%clk 00:33:44]} {[%emt 00:12:34]} 16. Bd2 {[%clk 00:31:04]} {[%emt
00:20:34]} Nxc4 {[%clk 00:32:37]} {[%emt 00:01:37]} 17. Bxc4 {[%clk 00:30:53]}
{[%emt 00:00:40]} Re7 {[%clk 00:29:03]} {[%emt 00:04:05]} 18. Rae1 {[%clk
00:27:19]} {[%emt 00:04:03]} Qe8 {[%clk 00:25:23]} {[%emt 00:04:09]} 19. Nb5
{[%clk 00:22:36]} {[%emt 00:05:13]} Qd8 {[%clk 00:17:36]} {[%emt 00:08:18]} 20.
e5 {[%clk 00:18:41]} {[%emt 00:04:25]} dxe5 {[%clk 00:15:31]} {[%emt 00:02:35]}
21. d6 {[%clk 00:15:18]} {[%emt 00:03:53]} Rd7 {[%clk 00:13:16]} {[%emt
00:02:45]} 22. fxe5 {[%clk 00:15:03]} {[%emt 00:00:45]} Ne8 {[%clk 00:11:45]}
{[%emt 00:02:01]} 23. e6 {[%clk 00:14:46]} {[%emt 00:00:46]} fxe6 {[%clk
00:11:00]} {[%emt 00:01:16]} 24. Bxe6+ {[%clk 00:14:31]} {[%emt 00:00:44]} Kh8
{[%clk 00:11:04]} {[%emt 00:00:27]} 25. Bxd7 {[%clk 00:13:02]} {[%emt
00:01:59]} Qxd7 {[%clk 00:11:05]} {[%emt 00:00:29]} 26. Qxc5 {[%clk 00:10:40]}
{[%emt 00:02:52]} a6 {[%clk 00:10:25]} {[%emt 00:01:10]} 27. Re7 {[%clk
00:10:15]} {[%emt 00:00:54]} Qd8 {[%clk 00:08:41]} {[%emt 00:02:15]} 28. Rfe1
{[%clk 00:09:18]} {[%emt 00:01:27]} Bd7 {[%clk 00:08:42]} {[%emt 00:00:30]} 29.
Nc7 {[%clk 00:08:25]} {[%emt 00:01:22]} Nxc7 {[%clk 00:08:44]} {[%emt
00:00:28]} 30. dxc7 {[%clk 00:08:18]} {[%emt 00:00:37]} Qc8 {[%clk 00:08:51]}
{[%emt 00:00:23]} 31. Bc3 {[%clk 00:07:04]} {[%emt 00:01:44]} Kg8 {[%clk
00:07:50]} {[%emt 00:01:32]} 32. Rxg7+ {[%clk 00:07:11]} {[%emt 00:00:21]} Kh8
{[%clk 00:08:01]} {[%emt 00:00:19]} 33. Qc4 {[%clk 00:06:37]} {[%emt 00:01:03]}
Qf8 {[%clk 00:07:53]} {[%emt 00:00:40]} 34. Rg8# {[%clk 00:06:35]} {[%emt
00:00:32]} 1-0

[Event "DVM U20w 2023"]
[Site "Magdeburg GER"]
[Date "2023.12.30"]
[Round "7"]
[White "Pikki, Daria"]
[Black "Schubert, Arlene"]
[Result "1-0"]
[Termination "normal"]
[Board "5.1"]
[WhiteElo "1649"]
[BlackElo "1545"]
[WhiteClock "01:05:56"]
[BlackClock "00:17:58"]
[WhiteTeam "SV Königsjäger Süd-West"]
[BlackTeam "SC 1865 Annaberg-Buchholz"]
[PlyCount "53"]
[WhiteFideId "16281306"]
[BlackFideId "16220951"]
[EventCountry "GER"]
[EventRounds "7"]
[EventType "team-swiss"]
[EventDate "2023.12.26"]

1. d4 {[%clk 01:30:58]} {[%emt 00:00:02]} d5 {[%clk 01:30:53]} {[%emt
00:00:07]} 2. c4 {[%clk 01:31:24]} {[%emt 00:00:04]} e6 {[%clk 01:30:34]}
{[%emt 00:00:50]} 3. Nc3 {[%clk 01:31:48]} {[%emt 00:00:05]} Nf6 {[%clk
01:30:12]} {[%emt 00:00:52]} 4. cxd5 {[%clk 01:32:12]} {[%emt 00:00:07]} exd5
{[%clk 01:28:35]} {[%emt 00:02:06]} 5. Bg5 {[%clk 01:32:36]} {[%emt 00:00:06]}
Be7 {[%clk 01:28:24]} {[%emt 00:00:41]} 6. e3 {[%clk 01:32:57]} {[%emt
00:00:08]} Bf5 {[%clk 01:26:03]} {[%emt 00:02:51]} 7. Qb3 {[%clk 01:32:41]}
{[%emt 00:00:48]} Nbd7 {[%clk 01:06:10]} {[%emt 00:20:23]} 8. Nf3 {[%clk
01:26:58]} {[%emt 00:06:11]} Nb6 {[%clk 01:04:05]} {[%emt 00:02:36]} 9. Be2
{[%clk 01:24:33]} {[%emt 00:02:55]} c6 {[%clk 01:01:17]} {[%emt 00:03:18]} 10.
O-O {[%clk 01:22:31]} {[%emt 00:02:32]} O-O {[%clk 01:00:45]} {[%emt 00:01:02]}
11. Rfc1 {[%clk 01:19:39]} {[%emt 00:03:22]} Ne4 {[%clk 00:48:13]} {[%emt
00:13:02]} 12. Nxe4 {[%clk 01:15:31]} {[%emt 00:04:38]} Bxe4 {[%clk 00:48:18]}
{[%emt 00:00:25]} 13. Bf4 {[%clk 01:15:36]} {[%emt 00:00:25]} Bd6 {[%clk
00:45:04]} {[%emt 00:03:44]} 14. Bg3 {[%clk 01:14:22]} {[%emt 00:01:45]} f5
{[%clk 00:41:25]} {[%emt 00:04:09]} 15. Ne5 {[%clk 01:13:45]} {[%emt 00:01:08]}
f4 {[%clk 00:32:38]} {[%emt 00:09:16]} 16. Bxf4 {[%clk 01:13:32]} {[%emt
00:00:43]} Rb8 {[%clk 00:28:44]} {[%emt 00:04:24]} 17. Bg4 {[%clk 01:11:17]}
{[%emt 00:02:44]} Bf5 {[%clk 00:24:00]} {[%emt 00:05:14]} 18. Qd1 {[%clk
01:09:57]} {[%emt 00:01:51]} Nd7 {[%clk 00:22:43]} {[%emt 00:01:48]} 19. Nxc6
{[%clk 01:09:17]} {[%emt 00:01:10]} bxc6 {[%clk 00:22:31]} {[%emt 00:00:41]}
20. Bxd6 {[%clk 01:09:41]} {[%emt 00:00:05]} Rxb2 {[%clk 00:21:40]} {[%emt
00:01:22]} 21. Bxf8 {[%clk 01:09:36]} {[%emt 00:00:35]} Qxf8 {[%clk 00:21:48]}
{[%emt 00:00:22]} 22. Bxf5 {[%clk 01:09:21]} {[%emt 00:00:44]} Qxf5 {[%clk
00:21:53]} {[%emt 00:00:26]} 23. Qf3 {[%clk 01:09:15]} {[%emt 00:00:37]} Qg6
{[%clk 00:19:38]} {[%emt 00:02:44]} 24. Qg3 {[%clk 01:07:50]} {[%emt 00:01:56]}
Qf5 {[%clk 00:18:19]} {[%emt 00:01:49]} 25. Rxc6 {[%clk 01:05:46]} {[%emt
00:02:34]} Rb1+ {[%clk 00:18:37]} {[%emt 00:00:11]} 26. Rc1 {[%clk 01:06:12]}
{[%emt 00:00:05]} Rb2 {[%clk 00:17:58]} {[%emt 00:01:09]} 27. Qf3 {[%clk
01:05:56]} {[%emt 00:00:46]} 1-0